[Event "Heusenstamm Sparkassen op U14 5th"]
[Site "Heusenstamm"]
[Date "2018.11.24"]
[Round "2"]
[White "Lukes, Alexander"]
[Black "Culha, Merve"]
[Result "0-1"]
[WhiteElo "1021"]
[BlackElo "812"]
[PlyCount "38"]
[EventDate "2018.11.23"]
[EventType "swiss"]
[EventRounds "7"]
[EventCountry "GER"]
[SourceTitle "CBM 188 Extra"]
[Source "ChessBase"]
[SourceDate "2019.02.26"]
[SourceVersion "1"]
[SourceVersionDate "2019.02.26"]
[SourceQuality "1"]

1. e4 e5 2. f4 Nc6 3. Nf3 f6 4. fxe5 fxe5 5. Nxe5 Nxe5 6. Qh5+ Nf7 7. Bc4 Qe7 8. d3 g6 9. Bxf7+ Qxf7 10. Qe5+ Ne7 11. Qxh8 d6 12. Qd4 Bd7 13. Nc3 0-0-0 14. Qxa7 Nc6 15. Qe3 Nb4 16. Qd2 Bh6 17. Qd1 Rf8 18. Qf3 Nxc2+ 19. Ke2 Nd4+ 0-1